| 000 | 00714nam a2200253 a 4500 | ||
|---|---|---|---|
| 005 | 20210219153534.0 | ||
| 008 | 991125n 000 0 u | ||
| 035 | _aUPN01000105331 | ||
| 100 | _aBishop, John H. | ||
| 222 | _aEDUCATIONAL EVALUATION AND POLICY ANALYSIS | ||
| 245 | _aThe worsening shortage of college-graduate workers | ||
| 300 | _a221-246 | ||
| 362 | _a13, No. 3, 1991 | ||
| 505 | _aMarzo 1992 | ||
| 653 | 0 | _aGRADUADOS DEL COLEGIO | |
| 653 | 0 | _aOFERTA Y DEMANDA | |
| 653 | 0 | _aOPORTUNIDADES DE EMPLEO | |
| 653 | 0 | _aPROVISION LABORAL | |
| 653 | 0 | _aTRABAJOS SOLICITADOS | |
| 653 | 0 | _aWHITE COLLAR OCCUPATIONS | |
| 700 | _aCarter, Shani | ||
| 904 |
_aAC _b043142 |
||
| 905 | _aArticulo | ||
| 999 |
_c79429 _d79429 |
||